| 000 | 00467nam a2200169 a 4500 | ||
|---|---|---|---|
| 005 | 20140310183349.0 | ||
| 008 | 070605s19uu xx 00 eng d | ||
| 020 | _a0415358825 | ||
| 050 |
_aPN 4775 _b.P73 2005 |
||
| 245 |
_aPrint Journalism : _ba critical introduction / |
||
| 260 |
_aLondon : _bRoutledge Taylor & Francis Group, _c2005. |
||
| 300 |
_a347 p. : _bill. ; _c25 cm. |
||
| 521 | _aMC | ||
| 650 | _aJournalism. | ||
| 942 |
_cBK _2lcc _kFOR |
||
| 999 |
_c22027 _d22027 |
||